000 00273nam a22001217a 4500
003 SGT
082 _bSRI
100 _aSRIVASTAVA, S.K.
245 _aMETAMORPHOSIS A JOURNAL OF MANAGEMENT RESEARCH
260 _aINDIA
_bSAGE PUB.
_c2022
300 _a156
942 _2ddc
_cBV
999 _c29936
_d29936